000 00786nam a22002175i 4500
001 176347
003 ES-MaACL
005 20231218202343.0
008 110111s1978 sp |||| | spa d
020 _a84-277-0348-1
080 _a929 Unamuno, Miguel de:32
100 1 _aGómez Molleda, María Dolores,
_d1922-2017
_958053
245 1 0 _aUnamuno socialista
_b: páginas inéditas de D. Miguel /
_cD. Gómez Molleda.
260 _aMadrid :
_bNarcea,
_c[1978]
300 _a156 p. ;
_c18 cm.
490 1 _aBitácora. Biblioteca del estudiante ;
_v65
600 1 4 _aUnamuno, Miguel de,
_d1864-1936-
_xPensamiento político
_9111988
830 1 _aBitácora. Biblioteca del estudiante ;
_v65
_9181903
852 _aES-MaACL
_jE-13991
_xOlim P-1892
999 _c176347
_d176347